Call of Duty Zombies Maps Quiz - Statistics

General Stats
  • This quiz has been taken 652 times
    219 since last reset
  • The average score is 32 of 66
Answer Stats
Game Answer % Correct
World at War Verrückt
88%
Black Ops 1 Kino der Toten
86%
Black Ops 2 TranZit
86%
World at War Nacht der Untoten
85%
World at War Shi No Numa
83%
Vanguard Shi No Numa
83%
Black Ops 1 "Five"
82%
Black Ops 2 Origins
82%
Black Ops 2 Buried
81%
Black Ops 2 Die Rise
81%
Black Ops 2 Mob of the Dead
81%
World at War Der Riese
78%
Black Ops 1 Moon
78%
Black Ops 3 Shadows of Evil
78%
Black Ops 2 Town
78%
Black Ops 2 Farm
76%
Black Ops 1 Shangri-La
76%
Black Ops 1 Call of the Dead
73%
Black Ops 1 Ascension
72%
Black Ops 3 Revelations
71%
Black Ops 3 Gorod Krovi
70%
Black Ops 3 Der Eisendrache
68%
Black Ops 4 IX
68%
Black Ops 4 Blood of the Dead
63%
Black Ops 2 Nuketown
63%
Black Ops 2 Bus Depot
60%
Black Ops 3 Zetsubou No Shima
57%
Infinite Warfare Zombies in Spaceland
57%
Black Ops 4 Voyage of Despair
53%
Black Ops 4 Classified
48%
Black Ops 4 Tag der Toten
48%
Black Ops 4 Dead of the Night
47%
Black Ops 4 Alpha Omega
45%
Black Ops Cold War Firebase Z
45%
Black Ops Cold War Die Maschine
44%
Black Ops 4 Ancient Evil
43%
Infinite Warfare Rave in the Redwoods
42%
Black Ops 6 Liberty Falls
41%
Infinite Warfare Attack of the Radioactive Thing
39%
Advanced warfare Outbreak
39%
Black Ops Cold War Outbreak
39%
Black Ops Cold War Forsaken
37%
Black Ops 6 Terminus
37%
Black Ops Cold War Mauer der Toten
36%
Infinite Warfare Shaolin Shuffle
36%
Black Ops 6 The Tomb
35%
WW2 The Final Reich
32%
Infinite Warfare The Beast From Beyond
29%
Black Ops 6 Citadelle des Morts
24%
Black Ops 6 Shattered Veil
24%
Advanced warfare Carrier
22%
Advanced warfare Descent
22%
Advanced warfare Infection
22%
WW2 The Darkest Shore
22%
Black Ops 6 Reckoning
20%
Vanguard Der Anfang
18%
WW2 The Frozen Dawn
16%
WW2 The Tortured Path
16%
Vanguard Terra Maledicta
15%
Vanguard The Archon
13%
WW2 The Shadowed Throne
13%
WW2 Gröesten Haus
11%
Modern Warfare 3 (2023) Urzikstan
9%
WW2 Altar of Blood
4%
WW2 Bodega Cervantes
4%
WW2 U.S.S. Mount Olympus
4%
No matching quizzes found
Score Distribution
Percent of People with Each Score
Percentile by Number Answered
Your Score History
You have not taken this quiz since the last reset